000
00195 a2200097 4500
020
_a
9789962558606
041
_a
spa
100
_a
Ramon Fonseca Mora
245
_a
Soà¨r con la ciudad
942
_c
K
999
_c
26785
_d
26785